| 000 | 01192 a2200301 4500 | ||
|---|---|---|---|
| 003 | OSt | ||
| 005 | 20180116192342.0 | ||
| 008 | 120529t xxu||||| |||| 00| 0 eng d | ||
| 010 | _a 2003055948 | ||
| 020 | _a0521781876 (hardback) | ||
| 020 | _a9780521139540 | ||
| 035 | _a(OCoLC)ocm53013331 | ||
| 040 | _c0 | ||
| 082 | 0 | 0 | _a709.22 |
| 100 | 1 |
_aBellori, Giovanni Pietro, _92372 |
|
| 245 | 1 | 4 |
_aThe lives of the modern painters, sculptors and architects / _cGiovan Pietro Bellori ; translated by Alice Sedgwick Wohl ; notes by Hellmut Wohl ; introduction by Tomaso Montanari. |
| 250 | _aNew translation and critical ed. | ||
| 260 |
_aNew York : _bCambridge University Press, _c2005. |
||
| 300 |
_axii, 504 p. : _bill. ; _c29 cm. |
||
| 650 | 0 |
_aArtists _zEurope _92373 |
|
| 650 | 0 |
_aArtists _zItaly _92374 |
|
| 650 | 0 |
_aArt, European _y17th century _92375 |
|
| 700 | 1 |
_aWohl, Hellmut. _92376 |
|
| 856 | 4 | 2 |
_3Publisher description _uhttp://www.loc.gov/catdir/description/cam041/2003055948.html |
| 856 | 4 | 2 |
_3Table of contents _uhttp://www.loc.gov/catdir/toc/cam041/2003055948.html |
| 942 |
_aSADA _cBK _k709.22 BEL 2005 _2ddc |
||
| 999 |
_c352706 _d352706 |
||